000 00539nam a22001457a 4500
020 _a9789331320612
082 _a338.1
100 _aSingh,S.R
245 _aAgricultural Economics
260 _aNew Delhi
_bAPH publishing
_c2013
300 _a296
942 _cBK
999 _c2512
_d2512